000 00808cam a2200133 4500500
005 20260111091250.0
041 _afre
042 _adc
245 0 0 _aCholvy G. – Hilaire Y.-M., avec le concours de D. Delmaire et S. Fath, Le fait religieux aujourd’hui en France. Les trente dernières années (1974-2000), coll. Histoire, Paris, Cerf, 2004, 20x13, 412 p., 38 €. ISBN 2-204-07488-8. Landron O., Les communautés nouvelles. Nouveaux visages du catholicisme français, coll. Histoire, Paris, Cerf, 2004, 24x15, 478 p., 39 €. ISBN 2-204-07305-9
260 _c2005.
500 _a35
786 0 _nNouvelle revue théologique | 127 | 4 | 2005-12-15 | p. 647g-652g | 0029-4845
856 4 1 _uhttps://shs.cairn.info/revue-nouvelle-revue-theologique-2005-4-page-647g?lang=fr&redirect-ssocas=7080
999 _c1620765
_d1620765